000 00451nam a22001697a 4500
008 221104b |||||||| |||| 00| 0 eng d
020 _a978-93-325-8760-1
082 _26th ed
_a339 BLA
100 _aBlanchard, Olivier
245 _aMacroeconomics
250 _a6th Edition
260 _aIndia :
_bPearson
_c2017
300 _a573, c-5 :
_bcolor illustrations ;
_c25.3 cm
650 _aCE Books
700 _aJohnson, R David
_eauthor
942 _2ddc
999 _c9188
_d9189